000 00531nam a2200181Ia 4500
005 20250508163528.0
008 008 250505s9999 xx 000 0 eng d
037 _aTextual
040 _aFEDL
_beng
_cFEDL
041 _aeng
_2eng
084 _a305.8, BOS
_qFEDL
100 _aBose Ashish and others Ed.
245 0 _aTribal demography and development North-East India
260 _aDelhi, India
_bB R Publishing Corporation
_c1990
300 _a197p.
942 _cTEXL
_h305.8, BOS
999 _c1383895
_d1383895